Statistics for Oklahoma City Thunder 40 Point Games

Click here to take the quiz!

General Stats

  • This quiz has been taken 20 times
  • The average score is 8 of 21

Answer Stats

Player Max Nb % Correct
Kevin Durant5446
100%
Russell Westbrook5843
100%
Gary Payton446
88%
Shawn Kemp421
88%
James Harden401
81%
Ray Allen548
63%
Paul George4710
63%
Rashard Lewis503
44%
Spencer Haywood518
31%
Gus Williams424
31%
Dale Ellis5314
31%
Lenny Wilkens411
31%
Fred Brown585
25%
Xavier McDaniel413
25%
Vin Baker411
25%
Tom Chambers463
13%
Bob Rule499
0%
Walt Hazzard453
0%
John Brisker471
0%
Damien Wilkins411
0%
Dick Snyder411
0%

Score Distribution

Percentile by Number Answered

Percent of People with Each Score

Your Score History

You have not taken this quiz